50 Marvel Villains by Picture #10 - Statistics

General Stats
  • This quiz has been taken 45 times
  • The average score is 10 of 50
Answer Stats
Picture Answer % Correct
Kraglin
82%
Screwball
64%
Hippo (Mrs. Fluffy Lumpkins)
61%
Orka
48%
the Russian
48%
Death Dealer (Li Ching-Lin)
42%
Hypno-Hustler (Antoine Delsoin)
39%
Random (Marshall Stone III)
39%
Flying Tiger
33%
Madcap
33%
Presence (Sergei Krylov)
27%
Ringer (Antony Davis)
27%
Oddball (Elton Healey)
24%
Slyde (Jalome Beacher)
24%
Slither (Aaron Salomon)
21%
Tri-Sentinel
21%
Blood Brothers (Gh'Ree & R'Hos Blood)
18%
Bushwacker (Carl Burbank)
18%
Growing Man
18%
Lash
18%
Midnight Man (Anton Mogart)
18%
Diamondhead (Archibald Dyker)
15%
Lightmaster (Edward Lansky)
15%
Silver Fox
15%
Turner D. Century (Clifford Michaels)
15%
Barracuda
12%
Bison (Billy Kitson)
12%
Catseye (Sharon Smith)
12%
Coldheart (Kateri Deseronto)
12%
Lineage (Gordon Nobili)
12%
Gideon Mace
9%
Man-Elephant (Manfred Haller)
9%
Nuclear Man (Mahkizmo)
9%
Piranha
9%
Poundcakes (Marian Pouncy)
9%
Roulette (Jennifer Stavros)
9%
Salamandra
9%
Scythe
9%
Tatterdemalion (Arnold Paffenroth)
9%
Condor
6%
Fera
6%
Hardball (Roger Brokeridge)
6%
Powderkeg (Frank Skorina)
6%
Stormranger
6%
Discord (Josh Richardson)
3%
Hijinx
3%
Kaboom
3%
Pilai
3%
Plunderer (Parnival Plunder)
3%
the Unspoken
3%
No matching quizzes found
Score Distribution
Percent of People with Each Score
Percentile by Number Answered
Your Score History
You have not taken this quiz